[Event "Corsica-chT"]
[Site "Ponte Leccia"]
[Date "2010.03.28"]
[Round "2"]
[White "Bellicou, Dominique"]
[Black "Geronimi, Vital"]
[Result "0-1"]
[WhiteElo "1779"]
[BlackElo "1632"]
[PlyCount "36"]
[EventDate "2010.03.28"]
[EventType "team-tourn"]
[EventRounds "9"]
[EventCountry "FRA"]
[SourceTitle "EXT 2012"]
[Source "ChessBase"]
[SourceDate "2011.11.24"]
[SourceVersion "1"]
[SourceVersionDate "2011.11.24"]
[SourceQuality "1"]

1. e4 c5 2. Nf3 d6 3. d4 cxd4 4. c3 d3 5. Bxd3 Nc6 6. 0-0 Nf6 7. Re1 Qc7 8. h3 g6 9. Bf4 Nd7 10. Nbd2 Bg7 11. Nc4 0-0 12. Ne3 Nde5 13. Nd5 Qd8 14. Nxe5 Nxe5 15. Be2 Bd7 16. Bg3 Bc6 17. f4 Nd7 18. Qc2 Nf6 0-1

[Event "Bastia CC Spring op 35th"]
[Site "Bastia"]
[Date "2009.03.27"]
[Round "?"]
[White "Ferreira, Antonio Viriato"]
[Black "Geronimi, Vital"]
[Result "1/2-1/2"]
[WhiteElo "1870"]
[BlackElo "1648"]
[PlyCount "104"]
[EventDate "2009.03.21"]
[EventType "swiss"]
[EventRounds "5"]
[EventCountry "FRA"]
[SourceTitle "EXT 2010"]
[Source "ChessBase"]
[SourceDate "2010.11.25"]
[SourceVersion "1"]
[SourceVersionDate "2010.11.25"]
[SourceQuality "1"]

1. e4 c5 2. f4 d6 3. Nf3 Nc6 4. Bc4 e6 5. 0-0 Be7 6. Nc3 a6 7. a4 Nf6 8. f5 d5 9. exd5 exd5 10. Be2 Bxf5 11. d4 0-0 12. Be3 c4 13. Ne5 Be4 14. Bf4 Qb6 15. Nxc6 Qxc6 16. Bg5 Rae8 17. Bf3 Bxf3 18. Qxf3 Ne4 19. Nxe4 dxe4 20. Qe3 f5 21. Bf4 Rf6 22. Be5 Rf7 23. Qh3 Ref8 24. Rf2 Bd6 25. Qg3 f4 26. Qg5 Bxe5 27. Qxe5 e3 28. Rf3 Re8 29. Qh5 Qf6 30. c3 Qg6 31. Qd5 Qc6 32. Qh5 Qg6 33. Qd5 Qe6 34. Qh5 Rf5 35. Qh4 Qe4 36. Re1 Qe7 37. Qg4 Ref8 38. Rff1 Qe4 39. Re2 R8f6 40. Qf3 Qxf3 41. Rxf3 g5 42. h3 Ra5 43. g3 Rxa4 44. gxf4 gxf4 45. Rexe3 Ra5 46. Re4 Raf5 47. Re7 b5 48. Kf2 h5 49. Re2 Rf7 50. Re6 R7f6 51. Re7 Rf7 52. Re6 R7f6 1/2-1/2

[Event "Corsica-chT"]
[Site "Porticcio"]
[Date "2007.05.13"]
[Round "5.3"]
[White "Battesti, Leo"]
[Black "Geronimi, Vital"]
[Result "1-0"]
[WhiteElo "1837"]
[BlackElo "1780"]
[PlyCount "43"]
[EventDate "2007.03.07"]
[EventType "team"]
[EventRounds "9"]
[EventCountry "FRA"]
[SourceTitle "CBM 117 Extra"]
[Source "ChessBase"]
[SourceDate "2007.05.09"]
[SourceVersion "1"]
[SourceVersionDate "2007.05.09"]
[SourceQuality "1"]
[WhiteTeam "I Scacchi Di U Centru"]
[BlackTeam "Casinca"]
[WhiteTeamCountry "FRA"]
[BlackTeamCountry "FRA"]

1. Nf3 d5 2. c4 d4 3. b4 Nd7 4. Nxd4 Nb6 5. e3 Nf6 6. Bb2 e5 7. Nc2 Bg4 8. f3 Be6 9. Nba3 e4 10. d4 exd3 11. Bxd3 a5 12. bxa5 Rxa5 13. 0-0 Bc5 14. Qe2 0-0 15. Rfd1 Qe7 16. Nb5 Re8 17. Ncd4 Na4 18. Nxe6 fxe6 19. Be5 c6 20. Bd6 Bxd6 21. Nxd6 Qxd6 22. Bxh7+ 1-0

[Event "Bastiais Master 5th"]
[Site "Bastia"]
[Date "2007.03.??"]
[Round "?"]
[White "Battesti, Leo"]
[Black "Geronimi, Vital"]
[Result "0-1"]
[WhiteElo "1847"]
[BlackElo "1710"]
[PlyCount "78"]
[EventDate "2007.03.??"]
[EventType "swiss"]
[EventRounds "9"]
[EventCountry "FRA"]
[SourceTitle "CBM 117 Extra"]
[Source "ChessBase"]
[SourceDate "2007.05.09"]
[SourceVersion "1"]
[SourceVersionDate "2007.05.09"]
[SourceQuality "1"]

1. Nf3 d5 2. c4 d4 3. d3 Nc6 4. Bd2 e5 5. b4 Bxb4 6. Bxb4 Nxb4 7. Nxe5 Qd6 8. Nf3 c5 9. g3 Bd7 10. Bg2 Nf6 11. 0-0 0-0 12. Nbd2 Rab8 13. a3 Nc6 14. Ng5 h6 15. Nge4 Nxe4 16. Nxe4 Qe7 17. Qc2 f5 18. Nd2 Rbe8 19. Rfe1 f4 20. Qb2 fxg3 21. hxg3 Qf7 22. Ne4 b6 23. e3 Re6 24. Re2 Rg6 25. Nd2 Bg4 26. Bxc6 Rxc6 27. f3 Bf5 28. exd4 Bxd3 29. Re3 Bxc4 30. Ree1 Bd5 31. dxc5 Rxc5 32. Rec1 Qg6 33. Kg2 Bxf3+ 34. Kf2 Bc6+ 35. Ke2 Qg4+ 36. Kd3 Bb5+ 37. Ke3 Qxg3+ 38. Kd4 Rd8+ 39. Ke4 Bd3# 0-1

[Event "Bastiais Master 5th"]
[Site "Bastia"]
[Date "2007.03.??"]
[Round "?"]
[White "Geronimi, Vital"]
[Black "Rossi, Pascal"]
[Result "1-0"]
[WhiteElo "1710"]
[BlackElo "1851"]
[PlyCount "77"]
[EventDate "2007.03.??"]
[EventType "swiss"]
[EventRounds "9"]
[EventCountry "FRA"]
[SourceTitle "CBM 117 Extra"]
[Source "ChessBase"]
[SourceDate "2007.05.09"]
[SourceVersion "1"]
[SourceVersionDate "2007.05.09"]
[SourceQuality "1"]

1. e4 c5 2. Nf3 d6 3. d4 cxd4 4. Nxd4 Nf6 5. Nc3 g6 6. Be3 Bg7 7. f3 0-0 8. Qd2 d5 9. e5 Nfd7 10. f4 e6 11. 0-0-0 a6 12. g4 Nc6 13. h4 Nxd4 14. Bxd4 b5 15. Bd3 b4 16. Na4 Qa5 17. b3 Bb7 18. a3 Qc7 19. Qxb4 Bc6 20. h5 Rfb8 21. Qc3 Rc8 22. hxg6 fxg6 23. Nc5 Nxc5 24. Qxc5 Bf8 25. Qc3 Bxa3+ 26. Kd2 Qe7 27. Ke3 Bb5 28. Qe1 Bxd3 29. Kxd3 Qd7 30. c3 Qb5+ 31. Ke3 Bc5 32. f5 Bxd4+ 33. cxd4 Ra7 34. fxg6 Rac7 35. Rxh7 Rc3+ 36. Kf4 Qxb3 37. Qh1 Rf3+ 38. Qxf3 Qb2 39. Kg5 1-0

[Event "Porticcio op 6th"]
[Site "Porticcio"]
[Date "2005.03.??"]
[Round "1"]
[White "Orsoni, Jean Philippe"]
[Black "Geronimi, Vital"]
[Result "1-0"]
[WhiteElo "2010"]
[BlackElo "1680"]
[PlyCount "55"]
[EventDate "2005.03.??"]
[EventType "swiss"]
[EventRounds "7"]
[EventCountry "FRA"]
[SourceTitle "EXT 2007"]
[Source "ChessBase"]
[SourceDate "2006.11.23"]
[SourceVersion "1"]
[SourceVersionDate "2006.11.23"]
[SourceQuality "1"]

1. e4 c5 2. Nf3 d6 3. d4 cxd4 4. Nxd4 Nf6 5. Nc3 a6 6. Bg5 e6 7. f4 Be7 8. Qf3 Qc7 9. 0-0-0 b5 10. Bd3 Bb7 11. Rhe1 Nbd7 12. Nd5 Nxd5 13. exd5 Bxg5 14. Rxe6+ Be7 15. Rde1 Ne5 16. fxe5 fxe6 17. Nxe6 Qa5 18. Re2 g6 19. exd6 Rf8 20. Ng7+ Kd7 21. Rxe7+ Kxd6 22. Qe4 Bxd5 23. Qe5+ Kc6 24. Ne6 Rfe8 25. Nd4+ Kb6 26. Qxd5 Qb4 27. Qb7+ Ka5 28. Nc6+ 1-0

[Event "Bastiais Master"]
[Site "Bastia"]
[Date "2003.??.??"]
[Round "?"]
[White "Geronimi, Vital"]
[Black "Bos, Joachim"]
[Result "1-0"]
[WhiteElo "1690"]
[BlackElo "1560"]
[PlyCount "62"]
[EventDate "2003.??.??"]
[EventType "swiss"]
[EventRounds "7"]
[EventCountry "FRA"]
[SourceTitle "EXT 2007"]
[Source "ChessBase"]
[SourceDate "2006.11.23"]
[SourceVersion "1"]
[SourceVersionDate "2006.11.23"]
[SourceQuality "1"]

1. e4 e5 2. Nf3 Nc6 3. Bb5 a6 4. Ba4 b5 5. Bb3 Nf6 6. 0-0 Bc5 7. Re1 d6 8. h3 Bb7 9. c3 Bb6 10. d3 Ne7 11. Nh4 0-0 12. Nd2 Ng6 13. Nxg6 hxg6 14. Nf3 a5 15. a4 b4 16. Nh4 d5 17. Bg5 Qd6 18. exd5 Nxd5 19. Rc1 Nf4 20. Bxf4 exf4 21. d4 c5 22. dxc5 Qf6 23. cxb6 Qxh4 24. Qg4 Qf6 25. cxb4 axb4 26. Re2 f3 27. Rec2 fxg2 28. Rc4 Qxb2 29. Qg3 Rfd8 30. Rc7 Rd2 31. Bxf7+ Kf8 1-0

[Event "Bastiais Master"]
[Site "Bastia"]
[Date "2003.??.??"]
[Round "?"]
[White "Geronimi, Vital"]
[Black "Michel, Damien"]
[Result "1-0"]
[WhiteElo "1690"]
[BlackElo "1590"]
[PlyCount "108"]
[EventDate "2003.??.??"]
[EventType "swiss"]
[EventRounds "7"]
[EventCountry "FRA"]
[SourceTitle "EXT 2007"]
[Source "ChessBase"]
[SourceDate "2006.11.23"]
[SourceVersion "1"]
[SourceVersionDate "2006.11.23"]
[SourceQuality "1"]

1. e4 e5 2. Nf3 Nc6 3. Bb5 a6 4. Ba4 b5 5. Bb3 d6 6. h3 Na5 7. 0-0 Nxb3 8. axb3 Nf6 9. Re1 Be7 10. c3 Bb7 11. d4 exd4 12. Qxd4 c5 13. Qd3 0-0 14. Bg5 h6 15. Bh4 Nxe4 16. Rxe4 Bxe4 17. Qxe4 Bxh4 18. Qxh4 Qxh4 19. Nxh4 Rfe8 20. Nd2 Re2 21. Nhf3 f5 22. Kf1 Re6 23. Rd1 g5 24. b4 a5 25. Ra1 a4 26. bxc5 dxc5 27. Ne1 Rd8 28. Ndf3 Re4 29. Nc2 Kf7 30. Na3 b4 31. cxb4 cxb4 32. Nc2 b3 33. Ne3 Kf6 34. Nd1 g4 35. hxg4 fxg4 36. Ne1 Rde8 37. Nc3 R4e5 38. Nxa4 Ra5 39. Nd3 Rea8 40. Ra3 Rxa4 41. Rxb3 Ra1+ 42. Ke2 Re8+ 43. Kd2 Ra6 44. Rb7 Rd6 45. Rb3 Rde6 46. Nf4 Rd8+ 47. Nd3 Red6 48. Rc3 Kg5 49. g3 h5 50. b4 Rd5 51. Kc2 h4 52. gxh4+ Kxh4 53. Nf4 Rd2+ 54. Kb3 Rxf2 1-0

[Event "Bastiais Master"]
[Site "Bastia"]
[Date "2003.??.??"]
[Round "?"]
[White "Luciani, Jean Francois"]
[Black "Geronimi, Vital"]
[Result "1/2-1/2"]
[WhiteElo "1790"]
[BlackElo "1690"]
[PlyCount "80"]
[EventDate "2003.??.??"]
[EventType "swiss"]
[EventRounds "7"]
[EventCountry "FRA"]
[SourceTitle "EXT 2007"]
[Source "ChessBase"]
[SourceDate "2006.11.23"]
[SourceVersion "1"]
[SourceVersionDate "2006.11.23"]
[SourceQuality "1"]

1. e4 c5 2. d4 cxd4 3. c3 d3 4. Bxd3 Nc6 5. Nf3 d6 6. 0-0 Nf6 7. Qe2 Qc7 8. h3 a6 9. Bf4 e5 10. Bg5 Be7 11. Na3 h6 12. Be3 g5 13. Rfd1 g4 14. hxg4 Bxg4 15. Nc4 b5 16. Nb6 Rb8 17. Nd5 Nxd5 18. exd5 Nd8 19. Qc2 Qd7 20. Re1 Bxf3 21. gxf3 Qh3 22. Bf5 Rg8+ 23. Bg4 h5 24. Qh7 Rxg4+ 25. fxg4 Qxg4+ 26. Kf1 h4 27. Qh8+ Kd7 28. Bd2 Qc4+ 29. Re2 Qxd5 30. Qg8 Ne6 31. Qg4 Rh8 32. Qe4 Qxe4 33. Rxe4 f5 34. Ree1 h3 35. Ke2 f4 36. f3 Bh4 37. Rh1 Bg3 38. a4 Nc7 39. axb5 axb5 40. Ra7 h2 1/2-1/2